Acuicultura marina animal

I tiakina i:
Ngā taipitopito rārangi puna kōrero
Kaituhi matua: Coll Morales, Julio (Author)
Hōputu: Pukapuka
Reo:Pāniora
I whakaputaina: Madrid Mundi-Prensa 1991
Putanga:3a. ed
Ngā marau:
Ngā Tūtohu: Tāpirihia he Tūtohu
Kāore He Tūtohu, Me noho koe te mea tuatahi ki te tūtohu i tēnei pūkete!

MARC

LEADER 00000nam a2200000 a 4500
001 UCV4975
003 CL-VaPUC
008 911128e19910000SP |||||||||||||||||spa|d
020 |a 8471143399 
082 0 4 |a 639.32  |b COL  |2 21 
100 0 |a Coll Morales, Julio  |e author  |9 299180 
245 1 0 |a Acuicultura marina animal 
250 |a 3a. ed 
300 |a 670 p 
942 |c BK 
945 |d 19911128 00:00:00  |a mfernand 
260 |a Madrid  |b Mundi-Prensa  |c 1991 
650 0 |a Acuicultura marina  |9 261222 
583 |a last modification  |c 19911128 00:00:00  |k Rodrigo Vera 
999 |c 211589  |d 211587 
952 |0 0  |1 0  |4 0  |6 639_320000000000000_COL_1991  |7 0  |8 CCM  |9 191263  |a BIBCUR  |b BIBCUR  |d 2019-11-14  |i 2588927  |o 639.32 COL 1991  |p 2588927  |r 2025-04-22  |w 2019-11-14  |y BK_R  |k CIM 
952 |0 0  |1 0  |4 0  |6 639_320000000000000_COL_1991  |7 0  |8 CCM  |9 191264  |a BIBCUR  |b BIBCUR  |d 2019-11-14  |i 409848K  |o 639.32 COL 1991  |p 409848K  |r 2025-04-22  |w 2019-11-14  |y BK_R  |k CIM